Rompiendo las amarras: el movimiento de mujeres en la periferia de Salvador /
保存先:
| 第一著者: | |
|---|---|
| その他の著者: | , |
| フォーマット: | テキスト |
| 言語: | Spanish |
| 主題: | |
| タグ: |
タグ追加
タグなし, このレコードへの初めてのタグを付けませんか!
|
MARC
| LEADER | 00000 a a2200000 04500 | ||
|---|---|---|---|
| 001 | 272 | ||
| 003 | cru CIDCACS/IIS | ||
| 005 | 20200611062549.0 | ||
| 008 | 190924b ||||| |||| 00| 0 spa d | ||
| 999 | |c 42395 |d 42395 | ||
| 040 | |c cru CIDCACS/IIS | ||
| 100 | 1 | |a García, Antonia |9 8581 | |
| 245 | 1 | |a Rompiendo las amarras: |b el movimiento de mujeres en la periferia de Salvador / |c Antonia García, Celia López, Ana Claudia | |
| 300 | |a páginas 49-54 | ||
| 650 | |a MUJERES | ||
| 650 | 0 | |a MOVIMIENTOS SOCIALES |9 3 | |
| 651 | 4 | |9 1928 |a EL SALVADOR | |
| 700 | 1 | |9 8582 |a López, Celia | |
| 700 | 1 | |9 8585 |a Ana Claudia | |
| 773 | 0 | |0 41952 |9 3372 |d Madrid: Solidaridad para el desarrollo y la paz, SODEPAZ-SODEPAU; Asociación Andaluza por la solidaridad y la paz 1990- |o 03629 |t Africa América Latina: |x 11302569 | |
| 942 | |2 ddc |c PP | ||
